Antigua and Barbuda Country Quiz - Statistics

General Stats
  • This quiz has been taken 4 times
  • The average score is 6 of 13
Answer Stats
Hint Answer % Correct
Number of Official Political Parties 2
100%
Number of Prime Ministers 4
100%
Main Religion Christianity
100%
Former Part of United Kingdom
100%
Capital St Johns
75%
Independent Since 1981
50%
Main Ally China
25%
Currency East Caribbean Dollar
25%
Main Language English Creole
25%
Form of Government Parliamentary Democracy
25%
Number of Islands 54
0%
Current Leader Gaston Browne
0%
Main Export Ships
0%
No matching quizzes found
Score Distribution
Percent of People with Each Score
Percentile by Number Answered
Your Score History
You have not taken this quiz